Avatar Characters Quiz Stats

 Plays Quiz not verified by Sporcle

Challenge
Share
Tweet
Embed
Score 0/20 Timer 06:00
0 Plays Today
Hint Answer % Correct
Fire PrinceZuko
98.1%
Fire LordOzai
96.2%
Fire PrincessAzula
92.3%
The Last AirbenderAang
92.3%
Fire AvatarRoku
88.5%
Water Nation GirlKatara
86.5%
Water Nation BoySokka
84.6%
Avatar's BisonAppa
82.7%
The Blind BanditToph
82.7%
Wrestler named after a rockBoulder
78.8%
Hint Answer % Correct
Freedom Fighters LeaderJet
76.9%
Flying Lemur MonkeyMomo
76.9%
Fire Prince's UncleIroh
76.9%
Fire Lord's grandfatherAzulon
71.2%
Freedom FighterSmellerBee
57.7%
Freedom FighterPipsqueak
46.2%
Baby Moose lionFooFooCuddlyPoops
38.5%
Air avatarYao Ming
5.8%
Earth Bending Competition MasterYi Mao
3.8%
Freedom FighterArrowHead
3.8%

You're not logged in!

Compare scores with friends on all Sporcle quizzes.
Join for Free
OR
Log In

You Might Also Like...

Show Comments

Extras

Top Quizzes Today


Score Distribution

Your Account Isn't Verified!

In order to create a playlist on Sporcle, you need to verify the email address you used during registration. Go to your Sporcle Settings to finish the process.

Report this User

Report this user for behavior that violates our Community Guidelines.

Details: